Traffic Engineering 5th Ed. (Record no. 21034)
[ view plain ]
| 000 -LEADER | |
|---|---|
| fixed length control field | 00357nam a22001457a 4500 |
| 008 - FIXED-LENGTH DATA ELEMENTS--GENERAL INFORMATION | |
| fixed length control field | 241112b |||||||| |||| 00| 0 eng d |
| 020 ## - INTERNATIONAL STANDARD BOOK NUMBER | |
| ISBN | 978-93-534-3485-4 |
| 100 ## - MAIN ENTRY--AUTHOR NAME | |
| Personal name | R P Roers & E S Prassas |
| 245 ## - TITLE STATEMENT | |
| Title | Traffic Engineering 5th Ed. |
| 250 ## - EDITION STATEMENT | |
| Edition statement | 5th Ed |
| 260 ## - PUBLICATION, DISTRIBUTION, ETC. (IMPRINT) | |
| Place of publication | Noida |
| Name of publisher | Pearson Pub |
| Year of publication | 2022 |
| 300 ## - PHYSICAL DESCRIPTION | |
| Number of Pages | 785 |
| 650 ## - SUBJECT ADDED ENTRY--TOPICAL TERM | |
| Topical Term | Civil |
| 942 ## - ADDED ENTRY ELEMENTS (KOHA) | |
| Source of classification or shelving scheme | Dewey Decimal Classification |
| Koha item type | Books |
| Accession Number | Cost, normal purchase price | Bill Date | Source of acquisition | Price effective from | Koha item type | Withdrawn / writtenoff status | Damaged status | Not for loan | Permanent Location | Current Location | Shelving location | Date acquired | Lost/ Missing status | department |
|---|---|---|---|---|---|---|---|---|---|---|---|---|---|---|
| BE 24947 | 950.00 | 26-10-2024 | ABD Publisher | 11/12/2024 | Books | Not For Loan | MIET Library, Jammu | MIET Library, Jammu | 156/5 | 11/11/2024 | BE | |||
| BE 24948 | 950.00 | 26-10-2024 | ABD Publisher | 11/12/2024 | Books | MIET Library, Jammu | MIET Library, Jammu | 117/6 | 11/11/2024 | BE |